[Event "Cheliabinsk Panchenko Memorial op-B"]
[Site "Cheliabinsk"]
[Date "2020.09.15"]
[Round "9"]
[White "Komissarova, Soigina"]
[Black "Namay, Viktoria"]
[Result "1-0"]
[WhiteElo "1827"]
[BlackElo "1557"]
[PlyCount "39"]
[EventDate "2020.09.07"]
[EventType "swiss"]
[EventRounds "9"]
[EventCountry "RUS"]
[SourceTitle "CBM 198 Extra"]
[Source "ChessBase"]
[SourceDate "2020.11.30"]
[SourceVersion "1"]
[SourceVersionDate "2020.11.30"]
[SourceQuality "1"]

1. e4 c6 2. Nc3 d5 3. Nf3 dxe4 4. Nxe4 Nd7 5. d4 Ngf6 6. Ng3 e6 7. Bd3 Bd6 8. 0-0 0-0 9. Qe2 Re8 10. Ne5 Qc7 11. f4 c5 12. c3 b6 13. Ne4 Bb7 14. Ng5 Re7 15. Bd2 h6 16. Nh3 Nd5 17. a4 Rc8 18. Rae1 cxd4 19. cxd4 Nb8 20. Bb5 1-0